header

Cool Penguins (Record no. 260798)

MARC details
000 -LEADER
fixed length control field 00226nam a22001097a 4500
020 ## - INTERNATIONAL STANDARD BOOK NUMBER
ISBN 9780439876476
100 ## - MAIN ENTRY--AUTHOR NAME
Personal name Jeff Bauer
245 ## - TITLE STATEMENT
Title Cool Penguins
260 ## - PUBLICATION, DISTRIBUTION, ETC. (IMPRINT)
Place of publication USA
Name of publisher Scholastic
Year of publication 2007
300 ## - PHYSICAL DESCRIPTION
Number of Pages 24 pgs.
942 ## - ADDED ENTRY ELEMENTS (KOHA)
Koha item type Long Loan Books
Holdings
Withdrawn status Lost status Collection code Home library Current library Shelving location Date acquired Accession Number Koha item type
    Fiction Rongo University Library Rongo University Library Children's Area 05/10/2023 CL20222033 Long Loan Books

© 2026 Rongo University
Contact us: librarian | system librarian | Rongo university